Science Quiz

Random Science or Animal Quiz

Major Animal Phyla Quiz Stats

 Plays Quiz Updated Jan 25, 2018

Score 0/9 Timer 03:00
0 Plays Today
Examples Phylum % Correct
Squid, snails, bivalvesMolluska
79%
Tunicates, fish, amphibians, reptiles, birds, mammalsChordata
76.5%
Jellyfish, hydras, coralsCnidaria
71.9%
Lobsters, scorpions, ants, centipedesArthropoda
71.8%
SpongesPorifera
71.4%
Earthworms, bristlewormsAnnelida
65.4%
Starfish, brittlestarsEchinodermata
62.5%
Hookworms, pinwormsNematoda
56.2%
Planarians, tapeworms, flukesPlatyhelminthes
55.8%

You're not logged in!

Compare scores with friends on all Sporcle quizzes.
OR
Log In

Sporcle TV

Today on Sporcle TV


Watch our educational content, quiz creation guides, and fun videos on Sporcle TV.

Show Comments

Extras

Top Quizzes Today


Score Distribution

Your Account Isn't Verified!

In order to create a playlist on Sporcle, you need to verify the email address you used during registration. Go to your Sporcle Settings to finish the process.

Report this User

Report this user for behavior that violates our Community Guidelines.

Details: